000 00391nam a2200145Ia 4500
008 210210b1976 xxu||||| |||| 00| 0 eng d
082 _a546 MALS
100 _aMALIK (W U) & others.
245 _aSelected topics in inorganic chemistry.
260 _aN D
_bS. Chand & Co. Ltd.
_c1976
300 _avi,580
650 _aInorganic Chemistry
690 _aInorganic Chemistry
906 _a032413
999 _c83329
_d83329